El Movimiento Nueva Joya, entre la espontaneidad y la organización
Sábháilte in:
| Príomhchruthaitheoir: | |
|---|---|
| Formáid: | Téacs |
| Foilsithe / Cruthaithe: |
s.l:
s.e
|
| Clibeanna: |
Cuir clib leis
Níl clibeanna ann, Bí ar an gcéad duine le clib a chur leis an taifead seo!
|
MARC
| LEADER | 00000 a a2200000 04500 | ||
|---|---|---|---|
| 001 | 25246 | ||
| 003 | |||
| 040 | |||
| 090 | |a 180600 | ||
| 100 | |a Ruiz Villareal, Lilia | ||
| 245 | |a El Movimiento Nueva Joya, entre la espontaneidad y la organización | ||
| 260 | |a s.l: |b s.e | ||
| 300 | |a 19 p | ||
| 999 | |c 3816 |d 3816 | ||
